[Event "ENCI Limburg-open A"]
[Site "Maastricht"]
[Date "2010.05.22"]
[Round "2"]
[White "Oosterman, Maarten Jan"]
[Black "Von Meijenfeldt, Bart"]
[Result "1/2-1/2"]
[WhiteElo "1978"]
[BlackElo "2044"]
[PlyCount "120"]
[EventDate "2010.05.21"]
[EventType "swiss"]
[EventRounds "7"]
[EventCountry "NED"]
[Source "P.Boonen"]
[SourceDate "2010.10.01"]

1. e4 c5 2. c3 g6 3. d4 cxd4 4. cxd4 d5 5. e5 Bg7 6. Nc3 Nc6 7. h3 Nh6 8. Nf3
O-O 9. Be2 f6 10. exf6 Rxf6 11. O-O Rf7 12. Be3 Nf5 13. Rc1 Nxe3 14. fxe3 Bh6
15. Nxd5 Be6 16. Nf4 Bxf4 17. exf4 Rxf4 18. Bc4 Bxc4 19. Rxc4 Qd5 20. Rc5 Qxa2
21. d5 Nb4 22. Qe1 Qa6 23. Qxe7 Rf7 24. Qe6 Qxe6 25. dxe6 Re7 26. Ng5 Nc6 27.
Rd5 h6 28. Nf7 Kg7 29. Rd7 Rxd7 30. exd7 Rf8 31. Nd6 Rxf1+ 32. Kxf1 Nd8 33. Ke2
Kf6 34. Nc8 a6 35. Kd3 Ke6 36. Nb6 Kd6 37. Nc4+ Kd5 38. Ne3+ Ke6 39. Nc4 b5 40.
Nb6 Kd6 41. Ke4 Ne6 42. b4 Nd8 43. h4 Nc6 44. g4 Kc7 45. Nd5+ Kxd7 46. g5 hxg5
47. hxg5 Kd6 48. Nf4 Nxb4 49. Nxg6 Nd5 50. Kd4 a5 51. Ne5 Nf4 52. Nf7+ Ke7 53.
Ne5 Kd6 54. Nf7+ Kc7 55. Kc5 a4 56. Kb4 Ng6 57. Nh6 Kb6 58. Ng4 Nf4 59. Ne5
Nd5+ 60. Ka3 Ne7 1/2-1/2

[Event "ENCI Limburg-open A"]
[Site "Maastricht"]
[Date "2010.05.22"]
[Round "2"]
[White "Pietersma, Menno"]
[Black "Berg, Emanuel"]
[Result "1/2-1/2"]
[WhiteElo "2225"]
[BlackElo "2616"]
[PlyCount "93"]
[EventDate "2010.05.21"]
[EventType "swiss"]
[EventRounds "7"]
[EventCountry "NED"]
[Source "P.Boonen"]
[SourceDate "2010.10.01"]

1. d4 e6 2. e4 d5 3. exd5 exd5 4. Bd3 Nc6 5. c3 Bd6 6. Nf3 Nge7 7. O-O Bg4 8.
Bg5 f6 9. Bh4 Qd7 10. Bg3 Bxg3 11. fxg3 O-O-O 12. Nbd2 Nf5 13. h3 Ne3 14. Qe1
Nxg2 15. Kxg2 Bxh3+ 16. Kh2 Bxf1 17. Qxf1 Kb8 18. Nh4 Rde8 19. Nb3 g6 20. Nc5
Qd6 21. Qxf6 Ka8 22. Qxd6 cxd6 23. Nd7 Re7 24. Nf6 Rf7 25. Ng4 h5 26. Bxg6 Re7
27. Nf6 Re2+ 28. Kh3 Ne7 29. Bxh5 Rxb2 30. Re1 Nc6 31. Nxd5 Rxa2 32. Bf7 Rf2
33. Re8+ Rxe8 34. Bxe8 a5 35. g4 Ka7 36. g5 a4 37. Bxc6 bxc6 38. Nb4 c5 39. g6
Rf8 40. Nc2 cxd4 41. Nxd4 Kb6 42. Kg4 Rg8 43. Nc2 Kc5 44. Na3 d5 45. Kg5 d4 46.
cxd4+ Kxd4 47. Nf5+ 1/2-1/2

[Event "ENCI Limburg-open A"]
[Site "Maastricht"]
[Date "2010.05.22"]
[Round "2"]
[White "Rendboe, John"]
[Black "Meyer, Henri"]
[Result "1-0"]
[WhiteElo "2274"]
[BlackElo "1978"]
[PlyCount "63"]
[EventDate "2010.05.21"]
[EventType "swiss"]
[EventRounds "7"]
[EventCountry "NED"]
[Source "P.Boonen"]
[SourceDate "2010.10.01"]

1. d4 d6 2. e4 Nf6 3. Nc3 g6 4. Nf3 c6 5. Be2 Qc7 6. O-O Nbd7 7. Bg5 Bg7 8. Qd2
b5 9. a3 a6 10. Rfe1 e5 11. Rad1 Bb7 12. h3 O-O 13. Nh2 exd4 14. Qxd4 d5 15.
exd5 Nxd5 16. Qd2 N7b6 17. Nxd5 Nxd5 18. c4 bxc4 19. Bxc4 h6 20. Bxh6 Rad8 21.
Bxg7 Kxg7 22. Bxd5 cxd5 23. Qd4+ f6 24. Ng4 Rd6 25. Qf4 g5 26. Qd4 Qd7 27. Ne3
Kf7 28. Qd3 Rh8 29. Qd4 Re8 30. Ng4 Rxe1+ 31. Rxe1 Qf5 32. Nh6+ 1-0

[Event "ENCI Limburg-open A"]
[Site "Maastricht"]
[Date "2010.05.22"]
[Round "2"]
[White "Reymann, Cedric"]
[Black "Shchekachev, Andrei"]
[Result "0-1"]
[WhiteElo "2144"]
[BlackElo "2549"]
[PlyCount "58"]
[EventDate "2010.05.21"]
[EventType "swiss"]
[EventRounds "7"]
[EventCountry "NED"]
[Source "P.Boonen"]
[SourceDate "2010.10.01"]

1. e4 c5 2. c3 d5 3. exd5 Qxd5 4. d4 g6 5. Nf3 Bg7 6. Be3 cxd4 7. Bxd4 Nf6 8.
Be2 Nc6 9. c4 Qd8 10. Bc3 Qc7 11. O-O O-O 12. b4 e5 13. Qb3 Bg4 14. Re1 Rad8
15. Na3 e4 16. Nb5 Qb8 17. Nfd4 Nxd4 18. Nxd4 Bxe2 19. Nxe2 Ng4 20. g3 Rd3 21.
Qb2 Ne5 22. Kg2 Nxc4 23. Qc1 Rc8 24. Bxg7 Ne3+ 25. fxe3 Rxc1 26. Nxc1 Rd2+ 27.
Re2 Rxe2+ 28. Nxe2 Kxg7 29. Rc1 Qd6 0-1

[Event "ENCI Limburg-open A"]
[Site "Maastricht"]
[Date "2010.05.22"]
[Round "2"]
[White "Samraoui, Mekki"]
[Black "Wislez, Francis"]
[Result "0-1"]
[WhiteElo "2126"]
[BlackElo "2040"]
[PlyCount "82"]
[EventDate "2010.05.21"]
[EventType "swiss"]
[EventRounds "7"]
[EventCountry "NED"]
[Source "P.Boonen"]
[SourceDate "2010.10.01"]

1. b3 d5 2. Bb2 c5 3. e3 Nc6 4. f4 Nf6 5. Nf3 Bg4 6. Bb5 Rc8 7. d3 Qa5+ 8. Nc3
d4 9. Bxc6+ Rxc6 10. Qd2 Bxf3 11. gxf3 dxc3 12. Bxc3 Qa3 13. e4 g6 14. Rg1 Bg7
15. f5 Nh5 16. Bxg7 Nxg7 17. Qc3 Qb4 18. Qxb4 cxb4 19. O-O-O O-O 20. fxg6 hxg6
21. f4 Rfc8 22. Rg2 Kf8 23. Rdg1 e6 24. h4 Ke7 25. d4 Rc3 26. d5 Nh5 27. f5
gxf5 28. dxe6 fxe6 29. exf5 exf5 30. Kb1 f4 31. Re2+ Kf6 32. Rg5 R8c5 33. Rg8
Rc8 34. Rg5 R3c5 35. Rgg2 Ng3 36. Rd2 Ne4 37. Rd4 Ke5 38. Rxb4 f3 39. Rg4 Nd2+
40. Ka1 f2 41. Rg5+ Ke6 0-1

[Event "ENCI Limburg-open A"]
[Site "Maastricht"]
[Date "2010.05.22"]
[Round "2"]
[White "Schleipfenbauer, Frank"]
[Black "Laarhoven, Thijs"]
[Result "0-1"]
[WhiteElo "2110"]
[BlackElo "2226"]
[PlyCount "111"]
[EventDate "2010.05.21"]
[EventType "swiss"]
[EventRounds "7"]
[EventCountry "NED"]
[Source "P.Boonen"]
[SourceDate "2010.10.01"]

1. e4 d5 2. exd5 Qxd5 3. Nc3 Qa5 4. d4 c6 5. Bd2 Bf5 6. Bc4 e6 7. Nge2 Nf6 8.
Ng3 Bg6 9. h4 h6 10. Nd5 Qd8 11. Nf4 Bh7 12. Qe2 Bd6 13. O-O-O O-O 14. Ngh5
Bxf4 15. Bxf4 Nbd7 16. Rh3 Nxh5 17. Qxh5 Qf6 18. Qf3 Nb6 19. Bd3 Bxd3 20. Rxd3
Nd5 21. Be5 Qxf3 22. Rhxf3 Rfd8 23. a3 Rd7 24. Rd1 h5 25. Rfd3 f6 26. Bg3 Kf7
27. f3 Rad8 28. c4 Ne7 29. Kc2 a6 30. Kc3 Rg8 31. R1d2 Nf5 32. Bf2 Rgd8 33. b3
Ne7 34. Be1 Rg8 35. Bf2 g5 36. hxg5 Rxg5 37. Bh4 Rg8 38. Be1 Ng6 39. Bg3 Ne7
40. Bf4 Ng6 41. Bg3 Ne7 42. Bf4 Nf5 43. Re2 Rdd8 44. Bc7 Rc8 45. Bf4 Rg7 46.
Rd1 Rcg8 47. Rde1 Rxg2 48. Rxe6 Rf2 49. Kd3 Rxf3+ 50. Ke4 Nh4 51. d5 Rg4 52.
Kd4 Rgxf4+ 53. Kc5 cxd5 54. Re7+ Kg6 55. cxd5 Rc3+ 56. Kd6 0-1

[Event "ENCI Limburg-open A"]
[Site "Maastricht"]
[Date "2010.05.22"]
[Round "2"]
[White "Scholzen, Wolfgang"]
[Black "Grecuccio, Nicola"]
[Result "0-1"]
[WhiteElo "2059"]
[BlackElo "2196"]
[PlyCount "58"]
[EventDate "2010.05.21"]
[EventType "swiss"]
[EventRounds "7"]
[EventCountry "NED"]
[Source "P.Boonen"]
[SourceDate "2010.10.01"]

1. e4 c5 2. Nf3 d6 3. d4 cxd4 4. Nxd4 Nf6 5. Nc3 a6 6. Be2 e5 7. Nb3 b5 8. a3
Bb7 9. Bg5 Nbd7 10. O-O Qc7 11. Qd3 Be7 12. Kh1 Rc8 13. f4 h6 14. Bxf6 Bxf6 15.
f5 Nb6 16. Na5 Ba8 17. Rfd1 Ke7 18. Qf3 Rhd8 19. Nb3 Na4 20. Nxa4 bxa4 21. Nd2
Qxc2 22. Bxa6 Rc6 23. Qd3 Rb8 24. b4 axb3 25. Bc4 Bg5 26. Qd5 Rxc4 27. Qxc4
Bxd2 28. Qa6 Bxe4 29. Rac1 Bxg2+ 0-1

[Event "ENCI Limburg-open A"]
[Site "Maastricht"]
[Date "2010.05.22"]
[Round "2"]
[White "Schut, Han"]
[Black "Nijs, Nils"]
[Result "0-1"]
[WhiteElo "2133"]
[BlackElo "2250"]
[PlyCount "40"]
[EventDate "2010.05.21"]
[EventType "swiss"]
[EventRounds "7"]
[EventCountry "NED"]
[Source "P.Boonen"]
[SourceDate "2010.10.01"]

1. e4 c5 2. Nf3 d6 3. d4 cxd4 4. Nxd4 Nf6 5. f3 Nc6 6. c4 g6 7. Be3 Bg7 8. Qd2
O-O 9. Nc3 Nd7 10. Nc2 a5 11. b3 Nc5 12. Rc1 f5 13. exf5 Bxf5 14. Nb5 Ne5 15.
Bxc5 dxc5 16. Qe3 a4 17. Qxc5 axb3 18. axb3 Bxc2 19. Rxc2 Ra1+ 20. Kf2 Rxf1+
0-1

[Event "ENCI Limburg-open A"]
[Site "Maastricht"]
[Date "2010.05.22"]
[Round "2"]
[White "Simenon, Jozef"]
[Black "Ducarmon, Quinten"]
[Result "0-1"]
[WhiteElo "2235"]
[BlackElo "2203"]
[PlyCount "76"]
[EventDate "2010.05.21"]
[EventType "swiss"]
[EventRounds "7"]
[EventCountry "NED"]
[Source "P.Boonen"]
[SourceDate "2010.10.01"]

1. c4 e5 2. Nc3 Nc6 3. Nf3 Nf6 4. g3 Bc5 5. Bg2 d6 6. d3 h6 7. a3 a6 8. b4 Ba7
9. O-O O-O 10. Ne1 Bg4 11. Nc2 Qd7 12. Ne3 Bh3 13. Ned5 Nxd5 14. Nxd5 Bxg2 15.
Kxg2 f5 16. Be3 Nd4 17. Rc1 c6 18. Nc3 f4 19. Bxd4 Bxd4 20. Ne4 Rf5 21. f3 Be3
22. Rb1 d5 23. cxd5 cxd5 24. Qb3 Rd8 25. b5 a5 26. g4 Rf7 27. Nc3 h5 28. g5 h4
29. b6 Rf5 30. Qb5 Rxg5+ 31. Kh1 Qh3 32. Rg1 Bxg1 33. Rxg1 Rxg1+ 34. Kxg1 Qe6
35. Qxa5 h3 36. Qa7 Qc6 37. Nd1 Rd6 38. Qb8+ Kh7 0-1

[Event "ENCI Limburg-open A"]
[Site "Maastricht"]
[Date "2010.05.22"]
[Round "2"]
[White "Smith, Thijmen"]
[Black "De Reymaeker, Walter"]
[Result "1-0"]
[WhiteElo "2091"]
[BlackElo "2028"]
[PlyCount "63"]
[EventDate "2010.05.21"]
[EventType "swiss"]
[EventRounds "7"]
[EventCountry "NED"]
[Source "P.Boonen"]
[SourceDate "2010.10.01"]

1. e4 c5 2. Nf3 g6 3. d4 cxd4 4. Nxd4 Bg7 5. Nc3 Nc6 6. Be3 Nf6 7. Bc4 Qa5 8.
O-O O-O 9. Bb3 d6 10. h3 Bd7 11. f4 Nxd4 12. Bxd4 Bc6 13. Qd3 Nd7 14. Bxg7 Kxg7
15. Qd4+ f6 16. Kh1 Qc5 17. Qd2 Qh5 18. Rae1 Nc5 19. Nd5 Rae8 20. c4 e6 21. Bd1
Qh4 22. Nc3 f5 23. Bc2 fxe4 24. Qxd6 Nd3 25. Bxd3 exd3 26. Ne4 e5 27. Ng5 Rxf4
28. Ne6+ Rxe6 29. Qxe6 Rf5 30. Kh2 d2 31. Rxf5 dxe1=Q 32. Qf7+ 1-0

[Event "ENCI Limburg-open A"]
[Site "Maastricht"]
[Date "2010.05.22"]
[Round "2"]
[White "Sprangers, Remco"]
[Black "Lesman, Francis"]
[Result "1-0"]
[WhiteElo "2287"]
[BlackElo "2087"]
[PlyCount "87"]
[EventDate "2010.05.21"]
[EventType "swiss"]
[EventRounds "7"]
[EventCountry "NED"]
[Source "P.Boonen"]
[SourceDate "2010.10.01"]

1. e4 c5 2. Nf3 d6 3. d4 cxd4 4. Nxd4 Nf6 5. Nc3 a6 6. Bg5 e6 7. f4 h6 8. Bh4
Be7 9. Qf3 Qa5 10. O-O-O Nbd7 11. Be2 g5 12. Nb3 Qc7 13. fxg5 Ne5 14. Qf2 hxg5
15. Bxg5 Nfg4 16. Qf4 f6 17. Bxg4 fxg5 18. Qg3 Rh4 19. Be2 Bd7 20. Nd4 O-O-O
21. Nf5 Bc6 22. Nxh4 gxh4 23. Qh3 Bd7 24. Bg4 Bg5+ 25. Kb1 Re8 26. Ne2 Qb6 27.
Nd4 Bf6 28. Bh5 Rh8 29. Be2 Nc6 30. Nb3 a5 31. c3 a4 32. Nd2 Na5 33. Rhf1 a3
34. b3 Bg5 35. Nc4 Nxc4 36. Bxc4 d5 37. Qd3 Rd8 38. exd5 exd5 39. Bxd5 Kb8 40.
Qd4 Qd6 41. Be4 Qxh2 42. Qb6 Qc7 43. Qxc7+ Kxc7 44. Rf7 1-0

[Event "ENCI Limburg-open A"]
[Site "Maastricht"]
[Date "2010.05.22"]
[Round "2"]
[White "Thakoerdien, Jerrel"]
[Black "Beijerinck, Nick"]
[Result "0-1"]
[WhiteElo "2001"]
[BlackElo "2079"]
[PlyCount "136"]
[EventDate "2010.05.21"]
[EventType "swiss"]
[EventRounds "7"]
[EventCountry "NED"]
[Source "P.Boonen"]
[SourceDate "2010.10.01"]

1. d4 Nf6 2. Nf3 g6 3. c4 Bg7 4. Nc3 O-O 5. g3 d6 6. Bg2 Nc6 7. d5 Na5 8. Nd2
c5 9. O-O a6 10. Qc2 Rb8 11. b3 b5 12. Bb2 Bh6 13. cxb5 axb5 14. Nde4 Nxe4 15.
Nxe4 b4 16. e3 Ba6 17. Rfd1 c4 18. bxc4 Nxc4 19. Bd4 Qa5 20. Nd2 Na3 21. Qb2
Rfc8 22. Rac1 Qa4 23. Qb3 Qd7 24. Rc6 Bb5 25. Ba1 Bxc6 26. Qb2 f6 27. dxc6 Qf5
28. Rc1 Rc7 29. Nf3 e5 30. Qb3+ Kh8 31. Bc3 Bf8 32. Bxb4 d5 33. Qxa3 Rxb4 34.
Qa5 Rc8 35. Qxd5 Rb1 36. Rxb1 Qxb1+ 37. Bf1 Qc1 38. Kg2 Qxc6 39. Qxc6 Rxc6 40.
a4 Rc2 41. Bb5 Bb4 42. Ng1 Kg7 43. Ne2 Kf7 44. Kf3 f5 45. Kg2 Bd2 46. Bd3 Rc7
47. Bb5 g5 48. Kf3 Ke6 49. h3 h6 50. Ng1 Bb4 51. Ne2 Kd5 52. Ng1 Rc1 53. Ne2
Ra1 54. Kg2 Ba5 55. Ng1 Bd2 56. Ne2 Kc5 57. Ng1 Kb4 58. Bd7 Ra2 59. Kf1 f4 60.
gxf4 exf4 61. exf4 Bxf4 62. Bb5 Kc3 63. Ne2+ Kd2 64. Nd4 Bc7 65. Kg2 Ke1 66.
Nf3+ Kd1 67. h4 g4 68. Nh2 g3 0-1

[Event "ENCI Limburg-open A"]
[Site "Maastricht"]
[Date "2010.05.22"]
[Round "2"]
[White "Timmermans, Ivo"]
[Black "Richter, Goetz"]
[Result "1-0"]
[WhiteElo "2216"]
[BlackElo "2080"]
[PlyCount "31"]
[EventDate "2010.05.21"]
[EventType "swiss"]
[EventRounds "7"]
[EventCountry "NED"]
[Source "P.Boonen"]
[SourceDate "2010.10.01"]

1. d4 Nf6 2. c4 e6 3. Nc3 Bb4 4. e3 c5 5. Bd3 Nc6 6. Nf3 Bxc3+ 7. bxc3 d6 8.
Nd2 e5 9. O-O O-O 10. Rb1 Ne8 11. dxc5 dxc5 12. Nb3 Nd6 13. Nxc5 f5 14. f4 Re8
15. Be2 b6 16. Qd5+ 1-0

[Event "ENCI Limburg-open A"]
[Site "Maastricht"]
[Date "2010.05.22"]
[Round "2"]
[White "Van der Heijden, Alan"]
[Black "Skutta, Bernd"]
[Result "1-0"]
[WhiteElo "2235"]
[BlackElo "2121"]
[PlyCount "83"]
[EventDate "2010.05.21"]
[EventType "swiss"]
[EventRounds "7"]
[EventCountry "NED"]
[Source "P.Boonen"]
[SourceDate "2010.10.01"]

1. d4 Nf6 2. Nc3 d5 3. Bg5 Nbd7 4. e3 e6 5. Qf3 c5 6. O-O-O Be7 7. Nge2 O-O 8.
Nf4 a6 9. Qg3 b5 10. Bh6 Ne8 11. h4 Kh8 12. Bg5 Ndf6 13. dxc5 Qa5 14. f3 b4 15.
Nb1 Qxc5 16. Nd3 Qa5 17. Qe1 Qb6 18. e4 a5 19. e5 Ng8 20. Be3 Qc6 21. g4 Nc7
22. g5 Ba6 23. h5 d4 24. Bf4 Nd5 25. Qe4 Rac8 26. Rh2 Nxf4 27. Qxf4 h6 28. gxh6
Nxh6 29. Bh3 a4 30. b3 Rc7 31. Rg2 Rfc8 32. Kb2 a3+ 33. Ka1 Qd5 34. Qg3 Bf8 35.
Nxb4 Qb5 36. Rxd4 f6 37. Nxa6 Qxa6 38. exf6 gxf6 39. Rgd2 f5 40. Rd8 Qa8 41.
Rxf8+ Rxf8 42. Qxc7 1-0

[Event "ENCI Limburg-open A"]
[Site "Maastricht"]
[Date "2010.05.22"]
[Round "2"]
[White "Vandenbergen, Nicolas"]
[Black "Sinz, Bernhard"]
[Result "0-1"]
[WhiteElo "2098"]
[BlackElo "2226"]
[PlyCount "36"]
[EventDate "2010.05.21"]
[EventType "swiss"]
[EventRounds "7"]
[EventCountry "NED"]
[Source "P.Boonen"]
[SourceDate "2010.10.01"]

1. Nc3 Nf6 2. e4 e5 3. f4 d5 4. fxe5 Nxe4 5. Nf3 Bc5 6. d4 Bb4 7. Bd2 c5 8.
Bb5+ Nc6 9. dxc5 Bxc3 10. Bxc3 O-O 11. Bxc6 bxc6 12. Bd4 Ba6 13. Nd2 Qh4+ 14.
g3 Nxg3 15. Bf2 Qh6 16. Rg1 Ne2 17. Rg4 Rfe8 18. Nf3 Qh3 0-1

[Event "ENCI Limburg-open A"]
[Site "Maastricht"]
[Date "2010.05.22"]
[Round "2"]
[White "Vogel, Jaap"]
[Black "Larmuseau, Michiel"]
[Result "0-1"]
[WhiteElo "2210"]
[BlackElo "2068"]
[PlyCount "94"]
[EventDate "2010.05.21"]
[EventType "swiss"]
[EventRounds "7"]
[EventCountry "NED"]
[Source "P.Boonen"]
[SourceDate "2010.10.01"]

1. Nf3 Nf6 2. d4 c5 3. c4 e6 4. Nc3 cxd4 5. Nxd4 Bb4 6. Qb3 Bc5 7. e3 Nc6 8.
Nf3 O-O 9. Be2 d5 10. O-O dxc4 11. Qxc4 Qe7 12. e4 Nd7 13. Bf4 Nb6 14. Qb3 e5
15. Bg5 Qe8 16. Nd5 Nxd5 17. exd5 Nd4 18. Nxd4 Bxd4 19. Rac1 Bb6 20. Be3 Qd8
21. Rfd1 Qd6 22. Bd2 Rd8 23. Bb4 Qf6 24. Bc5 Bf5 25. Qe3 e4 26. b4 Rac8 27. g3
h6 28. h4 Qb2 29. a3 Rd6 30. Rb1 Qe5 31. f4 Qf6 32. Rbc1 Rcd8 33. g4 Bxg4 34.
Bxg4 Qg6 35. Qg3 Rxd5 36. Rxd5 Rxd5 37. Bxb6 Qxb6+ 38. Kh1 Rd3 39. Qh2 Qd4 40.
Be2 Rxa3 41. Bc4 Qd7 42. Bf1 Qg4 43. Be2 Qf5 44. Rc5 Qd7 45. f5 Ra1+ 46. Kg2
Qd2 47. Kf2 Qe1+ 0-1

[Event "ENCI Limburg-open A"]
[Site "Maastricht"]
[Date "2010.05.22"]
[Round "2"]
[White "Wiley, Tom E"]
[Black "Van Laatum, Maarten"]
[Result "1-0"]
[WhiteElo "2281"]
[BlackElo "2042"]
[PlyCount "69"]
[EventDate "2010.05.21"]
[EventType "swiss"]
[EventRounds "7"]
[EventCountry "NED"]
[Source "P.Boonen"]
[SourceDate "2010.10.01"]

1. d4 d5 2. c4 c6 3. Nf3 Nf6 4. Qc2 g6 5. Bf4 Bg7 6. e3 Bf5 7. Qb3 Qb6 8. Nc3
Nbd7 9. c5 Qxb3 10. axb3 Nh5 11. b4 Nxf4 12. exf4 O-O 13. h3 a6 14. Kd2 f6 15.
Re1 Bh6 16. g3 a5 17. bxa5 Rxa5 18. Rxe7 Ra1 19. Rg1 Rf7 20. Rxf7 Kxf7 21. Bg2
Rxg1 22. Nxg1 g5 23. fxg5 fxg5 24. g4 Bg6 25. Nxd5 cxd5 26. Bxd5+ Ke7 27. Bxb7
Bg7 28. Ne2 Kd8 29. b4 Kc7 30. Bf3 Be8 31. b5 Nxc5 32. dxc5 Bxb5 33. Nc3 Bc4
34. Ne4 h6 35. Nd6 1-0

[Event "ENCI Limburg-open A"]
[Site "Maastricht"]
[Date "2010.05.22"]
[Round "2"]
[White "Winkels, Marcel"]
[Black "Verstraeten, Reinaert"]
[Result "1/2-1/2"]
[WhiteElo "2080"]
[BlackElo "2007"]
[PlyCount "43"]
[EventDate "2010.05.21"]
[EventType "swiss"]
[EventRounds "7"]
[EventCountry "NED"]
[Source "P.Boonen"]
[SourceDate "2010.10.01"]

1. e4 c5 2. Nf3 d6 3. d4 cxd4 4. Nxd4 Nf6 5. Nc3 a6 6. f4 e6 7. Be2 Be7 8. O-O
Qc7 9. Be3 Nbd7 10. Bf3 Rb8 11. a4 O-O 12. Qd2 Rd8 13. g4 Ne8 14. g5 Bf8 15.
Bg2 b6 16. Rf3 Ne5 17. fxe5 dxe5 18. Nxe6 Bxe6 19. Nd5 Qc6 20. Rf2 Nc7 21. c4
Qd6 22. Qc3 1/2-1/2

[Event "ENCI Limburg-open A"]
[Site "Maastricht"]
[Date "2010.05.22"]
[Round "2"]
[White "Zimmermann, Luc"]
[Black "Iosif Hoellenriegel, Daniela"]
[Result "1-0"]
[WhiteElo "2057"]
[BlackElo "1996"]
[PlyCount "61"]
[EventDate "2010.05.21"]
[EventType "swiss"]
[EventRounds "7"]
[EventCountry "NED"]
[Source "P.Boonen"]
[SourceDate "2010.10.01"]

1. e4 e6 2. d4 d5 3. Nd2 dxe4 4. Nxe4 Nf6 5. Nxf6+ Qxf6 6. Nf3 h6 7. Bd3 Bd6 8.
Qe2 Nd7 9. O-O c6 10. Re1 g5 11. Bd2 Nb6 12. c4 g4 13. Ne5 Bxe5 14. dxe5 Qg7
15. a4 Bd7 16. Bb4 h5 17. Ra3 Nxa4 18. Rea1 c5 19. Be1 Nb6 20. Rxa7 O-O 21. b4
cxb4 22. Bxb4 Rxa7 23. Rxa7 Ra8 24. Rxb7 Nxc4 25. Bxc4 Bc6 26. Rb6 Bf3 27. Qe3
h4 28. Bf1 Ra1 29. Rb8+ Kh7 30. Qd3+ Kh6 31. Bf8 1-0

[Event "ENCI Limburg-open A"]
[Site "Maastricht"]
[Date "2010.05.22"]
[Round "2"]
[White "Zult, Daan"]
[Black "Schroer, Marcel"]
[Result "1-0"]
[WhiteElo "2235"]
[BlackElo "2105"]
[PlyCount "39"]
[EventDate "2010.05.21"]
[EventType "swiss"]
[EventRounds "7"]
[EventCountry "NED"]
[Source "P.Boonen"]
[SourceDate "2010.10.01"]

1. c4 e5 2. g3 Nf6 3. Bg2 d5 4. cxd5 Nxd5 5. Nc3 Nb6 6. Nf3 Nc6 7. O-O Be7 8.
a3 O-O 9. b4 Be6 10. d3 Nd4 11. Bb2 a5 12. Nxe5 axb4 13. axb4 Qd6 14. Nf3 Nxf3+
15. Bxf3 Qxb4 16. Rb1 Bf6 17. Qc1 Ra7 18. Nb5 Qxb5 19. Bxf6 Qd7 20. Qg5 1-0

[Event "ENCI Limburg-open A"]
[Site "Maastricht"]
[Date "2010.05.22"]
[Round "3"]
[White "Beeke, Bobby"]
[Black "Zimmermann, Luc"]
[Result "1-0"]
[WhiteElo "2210"]
[BlackElo "2057"]
[PlyCount "132"]
[EventDate "2010.05.21"]
[EventType "swiss"]
[EventRounds "7"]
[EventCountry "NED"]
[Source "P.Boonen"]
[SourceDate "2010.10.01"]

1. c4 e5 2. Nc3 Nf6 3. Nf3 Nc6 4. a3 d5 5. cxd5 Nxd5 6. Qc2 Be7 7. e3 Be6 8.
Bb5 f6 9. d4 Nxc3 10. Qxc3 Qd5 11. Bxc6+ Qxc6 12. Qxc6+ bxc6 13. dxe5 fxe5 14.
Bd2 e4 15. Nd4 Bd7 16. O-O c5 17. Ne2 Rb8 18. Bc3 O-O 19. Rfd1 Ba4 20. Rd5 Bc6
21. Re5 Bd6 22. Rg5 g6 23. Rc1 Rf5 24. Rxf5 gxf5 25. Ng3 f4 26. Nf5 f3 27. Rd1
Bf8 28. h3 fxg2 29. Be5 Kf7 30. Ng3 Ke6 31. Bc3 Bd6 32. Nh5 Rg8 33. Ng7+ Kf7
34. Nf5 Ke6 35. Ng7+ Kf7 36. Nh5 Ke6 37. Nf4+ Bxf4 38. exf4 Kf5 39. Be5 Ke6 40.
Bxc7 Kf5 41. Rc1 Ke6 42. Rxc5 Kd7 43. Ba5 e3 44. Be1 e2 45. Re5 Re8 46. Rg5 Re6
47. Rg7+ Ke8 48. Rg3 h5 49. f3 h4 50. Rxg2 Bxf3 51. Rg5 Kf7 52. Kf2 Bc6 53. Bc3
a6 54. f5 Re4 55. Rg7+ Kf8 56. Ke1 Bd5 57. f6 Bc4 58. Rc7 Rf4 59. Re7 Rf1+ 60.
Kd2 Rd1+ 61. Kc2 Rh1 62. Bb4 Kg8 63. Rg7+ Kh8 64. Rg4 e1=Q 65. Bxe1 Rxe1 66.
Rxh4+ Kg8 1-0

[Event "ENCI Limburg-open A"]
[Site "Maastricht"]
[Date "2010.05.22"]
[Round "3"]
[White "Beijerinck, Nick"]
[Black "Zult, Daan"]
[Result "0-1"]
[WhiteElo "2079"]
[BlackElo "2235"]
[PlyCount "64"]
[EventDate "2010.05.21"]
[EventType "swiss"]
[EventRounds "7"]
[EventCountry "NED"]
[Source "P.Boonen"]
[SourceDate "2010.10.01"]

1. e4 e5 2. Nf3 Nc6 3. Bb5 a6 4. Ba4 Nf6 5. Qe2 b5 6. Bb3 Bc5 7. c3 O-O 8. O-O
d5 9. d3 dxe4 10. dxe4 h6 11. h3 Qe7 12. Re1 Nh5 13. Bd5 Bd7 14. b4 Bb6 15. a4
Rab8 16. axb5 axb5 17. Kh2 Qf6 18. g3 Ne7 19. Bb3 g5 20. Be3 Ng6 21. Bxb6 Rxb6
22. Nfd2 Bxh3 23. Qxh5 Qxf2+ 24. Kxh3 Qxe1 25. Qd1 Nf4+ 26. gxf4 Qh4+ 27. Kg2
gxf4 28. Kf1 Rg6 29. Ke2 Rd8 30. Bd5 Qh5+ 31. Nf3 Rg2+ 32. Kd3 Rxd5+ 0-1

[Event "ENCI Limburg-open A"]
[Site "Maastricht"]
[Date "2010.05.22"]
[Round "3"]
[White "Berg, Emanuel"]
[Black "Van der Heijden, Alan"]
[Result "1-0"]
[WhiteElo "2616"]
[BlackElo "2235"]
[PlyCount "155"]
[EventDate "2010.05.21"]
[EventType "swiss"]
[EventRounds "7"]
[EventCountry "NED"]
[Source "P.Boonen"]
[SourceDate "2010.10.01"]

1. e4 c5 2. Nf3 a6 3. c3 Nf6 4. e5 Nd5 5. d4 cxd4 6. Bc4 Nb6 7. Bb3 d5 8. exd6
Qxd6 9. cxd4 Be6 10. Nc3 Bxb3 11. Qxb3 e6 12. d5 Nxd5 13. Qxb7 Nxc3 14. Qc8+
Qd8 15. Qxc3 Nd7 16. O-O Rc8 17. Qd4 Nc5 18. Qg4 h5 19. Qg3 Ne4 20. Qe5 Nf6 21.
Qe2 Qb6 22. Be3 Qb7 23. Rac1 Be7 24. Rxc8+ Qxc8 25. Rc1 Qb7 26. Nd4 O-O 27. Nc6
Bd6 28. Na5 Qd5 29. Nc4 Bb8 30. h3 Rd8 31. b3 Qe4 32. Rd1 Rxd1+ 33. Qxd1 Nd5
34. Bc5 Nf4 35. Ne3 Qe5 36. b4 Ne2+ 37. Kf1 Nf4 38. h4 Qe4 39. Qc2 Qe5 40. Qd1
Qe4 41. Qc2 Qe5 42. g3 Qa1+ 43. Nd1 Nd5 44. Kg2 Be5 45. Ne3 Nc3 46. Nc4 Bf6 47.
a3 Qe1 48. Ne3 Qa1 49. Qd3 Qxa3 50. Qd6 Qa4 51. Qf8+ Kh7 52. Qxf7 Qc6+ 53. f3
Qb5 54. Qxh5+ Kg8 55. Qg4 Qe2+ 56. Kh3 Kf7 57. Qh5+ Kg8 58. Qe8+ Kh7 59. Qh5+
Kg8 60. Qg4 Kf7 61. h5 Qd3 62. Qf4 Nb5 63. Qb8 Bd8 64. Qb7+ Bc7 65. Qxa6 Qd7
66. Qa2 Nc3 67. Qc2 Be5 68. Ng4 Qd5 69. Qg6+ Kg8 70. Nh6+ Kh8 71. Nf7+ Kg8 72.
Nh6+ Kh8 73. Qe8+ Kh7 74. Qg8+ Kxh6 75. Qh8+ Kg5 76. Be7+ Bf6 77. Qxg7+ Kxh5
78. g4# 1-0

[Event "ENCI Limburg-open A"]
[Site "Maastricht"]
[Date "2010.05.22"]
[Round "3"]
[White "Bijlsma, Nick"]
[Black "Bezemer, Arno"]
[Result "1/2-1/2"]
[WhiteElo "2125"]
[BlackElo "2343"]
[PlyCount "90"]
[EventDate "2010.05.21"]
[EventType "swiss"]
[EventRounds "7"]
[EventCountry "NED"]
[Source "P.Boonen"]
[SourceDate "2010.10.01"]

1. e4 c5 2. Nf3 d6 3. d4 cxd4 4. Nxd4 Nf6 5. Nc3 a6 6. h3 e5 7. Nde2 h5 8. Bg5
Be6 9. g3 Nbd7 10. Bg2 Be7 11. O-O Rc8 12. Qd2 b5 13. Rfd1 O-O 14. Bxf6 Nxf6
15. a4 b4 16. Nd5 Bxd5 17. exd5 a5 18. c3 Rb8 19. c4 Nd7 20. Nc1 Bg5 21. f4 Bh6
22. Qf2 h4 23. Nd3 hxg3 24. Qxg3 exf4 25. Nxf4 Qf6 26. Nd3 Qd4+ 27. Kh1 Qxc4
28. Qxd6 Nf6 29. Ne5 Qh4 30. Nc6 Ne4 31. Rd4 Rbe8 32. Qd7 f5 33. d6 Nf2+ 34.
Kh2 Bf4+ 35. Kg1 Re2 36. Ne7+ Kh7 37. Kf1 Re5 38. Qc6 Ne4 39. Rxe4 fxe4 40.
Bxe4+ Kh6 41. d7+ Qf6 42. Qxf6+ gxf6 43. Ng6 Rd8 44. Nxe5 Bxe5 45. Bc6 Bxb2
1/2-1/2